LEADER 01617nam 22005895u 450 001 9910158695303321 005 20250102234047.0 010 $a9783318040395 010 $a3318040398 035 $a(CKB)3780000000101578 035 $a(OCoLC)956495322 035 $a(SZ-BaSKA)221547 035 $a(PPN)26868264X 035 $a(MiAaPQ)EBC31865848 035 $a(Au-PeEL)EBL31865848 035 $a(EXLCZ)993780000000101578 100 $a20211006d1988 uy 0 101 0 $aeng 135 $aurunu|||||||| 181 $ctxt$2rdacontent 182 $cc$2rdamedia 183 $acr$2rdacarrier 200 10$aHuman Monkeypox /$fZ. Jezek, F. Fenner 205 $a1st ed. 210 $aBasel $cS. Karger$d1988 215 $a1 online resource (X + 142 pages) $c31 figures, 47 tables 225 1 $aMonographs in virology ;$vvol. 17 311 08$a9783805548182 311 08$a3805548184 410 0$aMonographs in virology ;$vv. 17. 606 $aMpox (Disease) 606 $aInfectious Diseases 606 $aImmunology 606 $aPreventive Medicine 606 $aPublic Health 606 $aVirology 615 0$aMpox (Disease) 615 14$aInfectious Diseases 615 14$aImmunology 615 24$aPreventive Medicine 615 24$aPublic Health 615 24$aVirology 676 $a614.5/21 700 $aJez?ek$b Z$g(Zdene?k),$f1932-$01781379 701 $aFenner$b Frank$f1914-2010.$0508071 801 0$bUKSKG 801 1$bUKSKG 801 2$bUkOxU 906 $aBOOK 912 $a9910158695303321 996 $aHuman Monkeypox$94306107 997 $aUNINA